000 00394nam a2200157Ia 4500
008 230711s9999||||xx |||||||||||||| ||und||
041 _aENG
082 _a621
_bSH-S
100 _aSharma,Sanjay
245 0 _aSignals and systems with matlab programs
250 _a1st Ed.
260 _c2006
_aNew Delhi
_bS.K Kataria & Sons
300 _a737
650 _aElectronics Engineering
942 _cBK
999 _c4839
_d4839